Vista normal
Vista MARC
- Wood, Elijah
Entrada Nombre de persona
Número de registros utilizados en: 3
001 - NÚMERO DE CONTROL
- campo de control: 657
003 - IDENTIFICADOR DEL NÚMERO DE CONTROL
- campo de control: ES-MaFIAP
005 - FECHA Y HORA DE LA ÚLTIMA TRANSACCIÓN
- campo de control: 20221025134825.0
008 - DATOS DE LONGITUD FIJA
- campo de control de longitud fija: 221025|| aca||aabn | a|a d
040 ## - FUENTE DE LA CATALOGACIÓN
- Centro catalogador/agencia de origen: ES-MaFIAP
- Centro/agencia transcriptor: ES-MaFIAP
100 ## - ENCABEZAMIENTO-NOMBRE DE PERSONA
- Nombre de persona: Wood, Elijah
670 ## - FUENTE DE DATOS ENCONTRADOS
- Cita de la fuente: Work cat.: (ES-MaFIAP)220: El señor de los anillos : La comunidad del anillo [Videograbación] = The Lord of the Rings : The fellowship of the ring / , [2005]





